[Event "It (open)"]
[Site "masterchessopen.com Szombathely (Hungary)"]
[Round "7"]
[White "Simakov V (RUS)"]
[Black "Meshcheriakova Evgenia (RUS)"]
[Result "0-1"]
[WhiteElo "2286"]
[BlackElo "2233"]

1.d4 Nf6 2.c4 e6 3.Nc3 Bb4 4.e3 b6 5.Bd3 Bb7 6.Ne2 Bxg2 7.Rg1 Be4 8.Rxg7 Bg6
9.e4 Bf8 10.Rxg6 hxg6 11.Nf4 Rxh2 12.Qf3 g5 13.Nxe6 dxe6 14.e5 Qxd4 15.exf6 g4
16.Qg3 Bd6 17.Qe3 Qxe3+ 18.Bxe3 Rh1+ 19.Bf1 Nd7 20.O-O-O Bc5 21.Bxc5 Nxc5
22.Nb5 Rc8 23.b4 a6 24.Na7 Rd8 {#R} 0-1

[Event "Memorial Dr. Rey Ardid"]
[Site "masterchessopen.com Zaragoza (Spain)"]
[Round "4"]
[White "Carraminana Lopez Luis Antonio (ESP)"]
[Black "Trigo Conde Isaac (ESP)"]
[Result "0-1"]
[WhiteElo "2061"]
[BlackElo "2265"]

1.d4 Nf6 2.c4 e6 3.Nc3 Bb4 4.e3 b6 5.Bd3 Bb7 6.Ne2 Bxg2 7.Rg1 Bf3 8.Bd2 g6
9.Qc2 Bb7 10.e4 Be7 11.f4 Nc6 12.a3 Nh5 13.O-O-O Bf6 14.e5 Bg7 15.f5 exf5
16.Bxf5 Bf8 17.Rxg6 hxg6 18.Bxg6 Ne7 19.Bxh5 Rxh5 20.Nf4 Rh4 21.d5 Bh6 22.Qh7
Bxf4 23.Qxh4 Ng6 24.Qh7 Qh4 25.Qg8+ Ke7 26.d6+ cxd6 27.exd6+ Kf6 {#R} 0-1

[Event "Ch Slovenia (team) West"]
[Site "masterchessopen.com Slovenia"]
[Date "2003.11.15"]
[Round "8"]
[White "Ivanusa Blaz (SRB)"]
[Black "Slibar Matjaz (SLO)"]
[Result "0-1"]
[WhiteElo "2089"]
[BlackElo "2195"]

1.d4 Nf6 2.c4 e6 3.Nc3 Bb4 4.e3 b6 5.Bd3 Bb7 6.Nf3 Ne4 7.Qc2 f5 8.O-O Bxc3
9.bxc3 O-O 10.Nd2 Nxd2 11.Bxd2 Qg5 12.f3 Nc6 13.Kh1 Qh5 14.e4 Rf6 15.e5 Rf7
16.f4 h6 17.Be2 {#R} 0-1

[Event "Ch France (team) (2) 2003/04"]
[Site "masterchessopen.com France"]
[Date "2003.11.16"]
[Round "3"]
[White "Blanche Paul (FRA)"]
[Black "Mascla Jean (FRA)"]
[Result "1-0"]
[WhiteElo "2045"]
[BlackElo "2162"]

1.d4 e6 2.c4 Nf6 3.Nc3 Bb4 4.e3 b6 5.Bd3 Bb7 6.Nf3 Bxc3+ 7.bxc3 O-O 8.O-O d6
9.Nd2 c5 10.f4 Nc6 11.e4 cxd4 12.cxd4 Nxd4 13.e5 Ne8 14.Ba3 f5 15.Nb3 Nxb3
16.axb3 Rf7 17.Qe2 dxe5 18.fxe5 Qd4+ 19.Kh1 Rd8 20.Rad1 Rfd7 21.Bxf5 Qxd1
22.Bxe6+ Kh8 23.Bxd7 {#r} 1-0

[Event "Ch France (team) (nat.2) 2004/05"]
[Site "masterchessopen.com France"]
[Round "4"]
[White "Medghoul Sherif (FRA)"]
[Black "Flament Francois (FRA)"]
[Result "1-0"]
[WhiteElo "2177"]
[BlackElo "2159"]

1.d4 Nf6 2.c4 e6 3.Nc3 Bb4 4.e3 b6 5.Bd3 Bb7 6.Ne2 Bxg2 7.Rg1 Be4 8.a3 Bxd3
9.Qxd3 Bf8 10.e4 d6 11.Bg5 h6 12.Qh3 Nbd7 13.f4 e5 14.O-O-O Qc8 15.Bxf6 Nxf6
16.Qg3 Nh5 17.Qf3 Nxf4 18.Nxf4 exf4 19.Qxf4 Qa6 20.Nb5 O-O-O 21.Qxf7 Qb7 22.d5
Kb8 23.Nd4 Rc8 24.Nc6+ Ka8 25.Rg6 {#r} 1-0

[Event "Ch France (team) (nat.3) 2003/04"]
[Site "masterchessopen.com France"]
[Date "2004.03.14"]
[Round "7"]
[White "Etlicher Dominique (FRA)"]
[Black "Covolo Thierry"]
[Result "1-0"]
[WhiteElo "2004"]
[BlackElo "1960"]

1.d4 Nf6 2.c4 e6 3.Nc3 Bb4 4.e3 b6 5.Bd3 Bb7 6.Nf3 Ne4 7.O-O Bxc3 8.bxc3 c5
9.Ne5 O-O 10.f3 f6 11.Ng4 Nd6 12.Ba3 f5 13.Ne5 Qg5 14.Qe2 Nf7 15.Nxf7 Rxf7
16.dxc5 Qe7 17.c6 {#r} 1-0

[Event "Ch Greece (team)"]
[Site "masterchessopen.com Aghia Pelagia (Greece)"]
[Date "2004.07.09"]
[Round "7"]
[White "Galopoulos N (GRE)"]
[Black "Maris Ioannis (GRE)"]
[Result "1-0"]
[WhiteElo "2060"]
[BlackElo "2122"]

1.d4 Nf6 2.c4 e6 3.Nc3 Bb4 4.e3 b6 5.Bd3 Bb7 6.f3 c5 7.Ne2 d5 8.cxd5 Nxd5
9.O-O cxd4 10.Nxd5 Qxd5 11.Qa4+ Nc6 12.Be4 Qd6 13.a3 d3 14.Nd4 d2 15.axb4
dxc1=Q 16.Raxc1 O-O 17.Bxc6 Bxc6 18.Nxc6 Rac8 19.Rfd1 Qc7 20.Rc3 Qb7 21.b5 f5
22.Rcd3 Rc7 23.Qb3 Rf6 24.Rd8+ Kf7 25.Rb8 {#r} 1-0

[Event "It (open)"]
[Site "masterchessopen.com Oberwart (Austria)"]
[Date "2004.07.12"]
[Round "3"]
[White "Zsinka Laszlo (HUN)"]
[Black "Nepveu Manuel (NED)"]
[Result "1-0"]
[WhiteElo "2380"]
[BlackElo "2068"]

1.d4 e6 2.c4 Nf6 3.Nc3 Bb4 4.e3 b6 5.Bd3 Bb7 6.Ne2 c5 7.O-O O-O 8.d5 Bxc3
9.Nxc3 exd5 10.cxd5 d6 11.e4 h6 12.Re1 Ba6 13.Bxa6 Nxa6 14.f4 Nc7 15.e5 dxe5
16.d6 Ne6 17.fxe5 Nd7 18.Nd5 Qh4 19.Ne7+ Kh8 20.Nf5 Qc4 21.b3 Qc3 22.Bxh6 gxh6
23.Rc1 Qb4 24.Rc4 {#r} 1-0

[Event "It \"]
[Site "masterchessopen.com Montreal (Canada)"]
[Date "2004.07.20"]
[Round "4"]
[White "Chabot Roland (CAN)"]
[Black "Korchnoi Viktor (SUI)"]
[Result "0-1"]
[WhiteElo "2263"]
[BlackElo "2601"]

1.d4 Nf6 2.c4 e6 3.Nc3 Bb4 4.e3 b6 5.Bd3 Bb7 6.Nf3 O-O 7.O-O c5 8.Na4 Qe7 9.a3
Ba5 10.Rb1 Rc8 11.b3 d5 12.Bb2 Nbd7 13.dxc5 bxc5 14.cxd5 Bxd5 15.Ne5 Rab8
16.Nc4 Bc7 17.f3 Nb6 18.Naxb6 axb6 19.a4 Rd8 20.Qc2 Bxc4 21.Bxc4 Nd5 22.e4 Ne3
23.Qc3 Qg5 24.Rf2 Nd1 25.Rxd1 Rxd1+ 26.Bf1 Bf4 27.Kh1 Be3 {#R} 0-1

[Event "It (open) \"]
[Site "masterchessopen.com Berlin (Germany)"]
[Date "2004.08.23"]
[Round "9"]
[White "Hesselbarth Karlheinz (GER)"]
[Black "Kiessling Beate (GER)"]
[Result "0-1"]
[WhiteElo "1964"]
[BlackElo "1903"]

1.d4 Nf6 2.c4 e6 3.Nc3 Bb4 4.e3 b6 5.Bd3 Bb7 6.Nf3 Ne4 7.Qc2 f5 8.O-O Nxc3
9.bxc3 Bd6 10.Ne5 Bxe5 11.dxe5 d6 12.exd6 cxd6 13.Ba3 O-O 14.Rad1 Na6 15.e4
Nc5 16.exf5 exf5 17.Bxc5 dxc5 18.Bxf5 Qg5 19.Be6+ Kh8 20.Bd5 Rab8 21.Rfe1 Bc8
22.Re3 Bd7 23.Rg3 Qf6 24.Be4 Ba4 {#R} 0-1

[Event "Olympiad (w)"]
[Site "masterchessopen.com Calvia (Spain)"]
[Date "2004.10.23"]
[Round "8"]
[White "Palao Maricela (COL)"]
[Black "Driza Arta (ALB)"]
[Result "1-0"]
[WhiteElo "2128"]
[BlackElo "1943"]

1.d4 Nf6 2.c4 e6 3.Nc3 Bb4 4.e3 b6 5.Bd3 Bb7 6.f3 O-O 7.Ne2 d5 8.O-O dxc4
9.Bxc4 c5 10.a3 Bxc3 11.bxc3 Nbd7 12.e4 cxd4 13.cxd4 e5 14.Bb2 Qe7 15.Rc1 exd4
16.Qxd4 Qc5 17.Bxf7+ Rxf7 18.Rxc5 Nxc5 19.Ng3 Rd7 20.Qc4+ Kh8 21.Bxf6 Ba6
22.Qc3 Bxf1 23.Nf5 Ne6 24.Qc6 gxf6 25.Qxe6 Bb5 26.Qxf6+ Kg8 27.Nh6# 1-0

[Event "It (open)"]
[Site "masterchessopen.com Palermo (Italy)"]
[Date "2004.10.29"]
[Round "1"]
[White "Campo Renato (ITA)"]
[Black "Terranova Roberto (ITA)"]
[Result "1-0"]
[WhiteElo "2121"]
[BlackElo "1904"]

1.d4 Nf6 2.c4 e6 3.Nc3 Bb4 4.e3 b6 5.Bd3 Bb7 6.f3 Bxc3+ 7.bxc3 O-O 8.Ne2 d6
9.O-O Nbd7 10.e4 e5 11.Bg5 Qe8 12.Ng3 Qe6 13.Nf5 Kh8 14.Qe1 Ng8 15.Qg3 Qg6
16.Nh4 Qe6 17.d5 Qe8 18.Nf5 g6 19.Nh6 f6 20.Bd2 Bc8 21.Rae1 Nc5 22.Bc2 Ba6
23.Bb3 Ne7 24.f4 f5 25.fxe5 Nxe4 26.Qf4 g5 27.Qe3 Qg6 28.exd6 cxd6 29.Qd4+ Qf6
30.Rxe4 Qxd4+ 31.Rxd4 f4 32.h4 {#r} 1-0

[Event "Cup Rilton"]
[Site "masterchessopen.com Stockholm (Sweden)"]
[Date "2004.12.28"]
[Round "2"]
[White "Johansson Victoria (SWE)"]
[Black "Turpin Alexander (SWE)"]
[Result "1-0"]
[WhiteElo "2189"]
[BlackElo "2127"]

1.d4 Nf6 2.c4 e6 3.Nc3 Bb4 4.e3 b6 5.Bd3 Bb7 6.Nf3 Ne4 7.O-O Bxc3 8.bxc3 O-O
9.Ne1 f5 10.f3 Nf6 11.Qe2 d6 12.e4 fxe4 13.fxe4 e5 14.Nf3 Qe7 15.Bg5 Nbd7
16.d5 Nc5 17.Nh4 g6 18.Rf2 Qg7 19.Raf1 Nfd7 20.Nf3 a5 21.Bc2 h6 22.Be3 Rf7
23.Qd2 Nf6 24.Bxh6 Nfxe4 25.Qe3 Qh8 26.Nh4 Rxf2 27.Rxf2 g5 28.Nf5 Nxf2
29.Qxg5+ Kf7 30.Qh5+ Kg8 31.Qg6+ {#r} 1-0

[Event "Ch France (team) (nat.2) 2004/05"]
[Site "masterchessopen.com France"]
[Round "11"]
[White "Herrero Alain (FRA)"]
[Black "Bremond Pascal (FRA)"]
[Result "0-1"]
[WhiteElo "1758"]
[BlackElo "2132"]

1.d4 Nf6 2.c4 e6 3.Nc3 Bb4 4.e3 b6 5.Bd3 Bb7 6.Nf3 O-O 7.O-O d6 8.Qe2 Nbd7
9.e4 Bxc3 10.bxc3 e5 11.Bg5 Re8 12.Rfe1 Nf8 13.Rad1 h6 14.Bh4 Qe7 15.c5 Ng6
16.cxd6 cxd6 17.dxe5 dxe5 18.Bxf6 Qxf6 19.Ba6 Nf4 20.Qf1 Nh3+ 21.gxh3 Bxa6
22.Qxa6 Qxf3 23.Rd3 Qf4 24.Rd7 Re6 25.Qe2 Rc8 26.Qe3 a5 27.Qd3 Rg6+ 28.Kf1 Rf6
29.Qe3 Qxh2 30.Rc1 Rc4 31.Rc2 Qh1+ 32.Ke2 Rxe4 {#R} 0-1

[Event "Ch Autonomico (team) (Division d'Honor)"]
[Site "masterchessopen.com Valencia (Spain)"]
[Date "2005.01.22"]
[Round "2"]
[White "Bermejo Martinez Jorge (ESP)"]
[Black "Clement Gomez Jose A (ESP)"]
[Result "0-1"]
[WhiteElo "2190"]
[BlackElo "2352"]

1.d4 Nf6 2.c4 e6 3.Nc3 Bb4 4.e3 b6 5.Bd3 Bb7 6.Ne2 Bxg2 7.Rg1 Be4 8.a3 Bxc3+
9.Nxc3 Bg6 10.e4 d5 11.e5 Ne4 12.Bxe4 dxe4 13.Bg5 Qd7 14.d5 O-O 15.h4 h5
16.dxe6 Qxe6 17.Qd5 Nc6 18.Qxe6 fxe6 19.Bf6 Kh7 20.Bg5 Nxe5 {#R} 0-1

[Event "It (open) \"]
[Site "masterchessopen.com Caleta (England)"]
[Date "2005.01.30"]
[Round "6"]
[White "Mortazavi Ali (ENG)"]
[Black "Ward Christopher (ENG)"]
[Result "0-1"]
[WhiteElo "2372"]
[BlackElo "2475"]

1.d4 Nf6 2.c4 e6 3.Nc3 Bb4 4.e3 b6 5.Bd3 Bb7 6.Ne2 Bxg2 7.Rg1 Bf3 8.Rg3 Bxc3+
9.bxc3 Be4 10.Qc2 Bxd3 11.Qxd3 g6 12.e4 d6 13.Bg5 h6 14.Rh3 Rh7 15.Bxh6 Nh5
16.Bd2 Nc6 17.f4 Qd7 18.f5 O-O-O 19.fxg6 fxg6 20.Rb1 Rf8 21.Rf3 Rhf7 22.Rxf7
Qxf7 23.Kd1 Qf2 24.Qh3 Kb7 25.Be3 Rf3 26.Bxf2 Rxh3 27.Bg1 Rh4 {#R} 0-1

[Event "It (open)"]
[Site "masterchessopen.com Virginia Beach (USA)"]
[Date "2005.02.26"]
[Round "3"]
[White "Potter John Russell (USA)"]
[Black "Barsky Sam (USA)"]
[Result "1-0"]
[WhiteElo "2242"]
[BlackElo "2070"]

1.d4 Nf6 2.c4 e6 3.Nc3 Bb4 4.e3 b6 5.Bd3 Bb7 6.Nf3 O-O 7.O-O Re8 8.Qc2 Bxc3
9.Qxc3 d6 10.b3 Nbd7 11.Bb2 e5 12.dxe5 Nxe5 13.Nxe5 Rxe5 14.Rae1 Rg5 15.e4 Qd7
16.f4 Rg4 17.Be2 Rg6 18.Bf3 Re8 19.f5 Rh6 20.g4 Rh3 21.g5 Nh5 22.Re3 Re5
23.Qd2 Qe7 24.f6 Rxg5+ 25.Bg2 Nxf6 26.Bxf6 {#r} 1-0

[Event "It (open)"]
[Site "masterchessopen.com Linares (Spain)"]
[Date "2005.02.27"]
[Round "3"]
[White "Ivanov Jordan (BUL)"]
[Black "Pogorelov Ruslan (UKR)"]
[Result "1-0"]
[WhiteElo "2359"]
[BlackElo "2439"]

1.d4 Nf6 2.c4 e6 3.Nc3 Bb4 4.e3 b6 5.Bd3 Bb7 6.Nf3 Ne4 7.O-O Bxc3 8.bxc3 f5
9.Ne1 Qh4 10.f3 Nf6 11.a4 Nc6 12.e4 fxe4 13.fxe4 d6 14.Nf3 Qh5 15.Rb1 O-O
16.Rb5 e5 17.c5 dxc5 18.Rxc5 bxc5 19.Qb3+ c4 20.Bxc4+ Kh8 21.Qxb7 Na5 22.Qxc7
Nxc4 23.Qxc4 exd4 24.Ba3 Rac8 25.Qa6 Rfe8 26.e5 Rxc3 27.exf6 Rxa3 28.Qd6 Rae3
29.Nxd4 gxf6 30.Qxf6+ Kg8 31.Nf5 Qg6 32.Nh6+ {#r} 1-0

[Event "It (open) (seniors)"]
[Site "masterchessopen.com Bad Woerishofen (Germany)"]
[Date "2005.03.06"]
[Round "4"]
[White "Fahnenschmidt Gerhard Dr (GER)"]
[Black "Tochtermann Georg Dr (GER)"]
[Result "1-0"]
[WhiteElo "2198"]
[BlackElo "1960"]

1.d4 Nf6 2.c4 e6 3.Nc3 Bb4 4.e3 b6 5.Bd3 Bb7 6.Ne2 O-O 7.O-O c5 8.d5 e5 9.Nb5
d6 10.a3 Ba5 11.b4 cxb4 12.axb4 Bxb4 13.Nxa7 Bc5 14.Bb2 Na6 15.Nb5 Qd7 16.Ng3
g6 17.Qb3 Nc7 18.Nc3 Rfb8 19.Nge4 Nce8 20.Nxc5 bxc5 21.Rxa8 Rxa8 22.Rc1 Bc8
23.f4 Qe7 24.e4 exf4 {#r} 1-0

[Event "It (open)"]
[Site "masterchessopen.com Oslo (Norway)"]
[Date "2005.03.24"]
[Round "6"]
[White "Astrup Hikon (NOR)"]
[Black "Becker Martin (GER)"]
[Result "0-1"]
[WhiteElo "1943"]
[BlackElo "2361"]

1.d4 Nf6 2.c4 e6 3.Nc3 Bb4 4.e3 b6 5.Bd3 Bb7 6.Nf3 Ne4 7.O-O f5 8.Ne5 Nf6
9.Bd2 O-O 10.Ne2 Bd6 11.Qc2 Na6 12.Bc3 Ne4 13.Ng3 Nxc3 14.Qxc3 Rf6 15.Rfd1 Rh6
16.Be2 Qh4 17.Nf1 Bxe5 18.dxe5 Nc5 19.Qc2 Bxg2 20.Kxg2 Ne4 21.Bf3 Qh3+ 22.Kg1
Qxf3 {#R} 0-1

[Event "Ch Norway"]
[Site "masterchessopen.com Sandnes (Norway)"]
[Date "2005.07.08"]
[Round "8"]
[White "Fyllingen Roy Harald (NOR)"]
[Black "Lie Kjetil A (NOR)"]
[Result "1-0"]
[WhiteElo "2405"]
[BlackElo "2489"]

1.d4 Nf6 2.c4 e6 3.Nc3 Bb4 4.e3 b6 5.Bd3 Bb7 6.Nf3 Ne4 7.Qc2 f5 8.O-O Bxc3
9.bxc3 O-O 10.Nd2 Ng5 11.f4 Nf7 12.e4 Nh6 13.Ba3 Rf6 14.Rae1 c5 15.Re3 Nc6
16.Rh3 cxd4 17.Bb2 Qc7 18.g3 e5 19.exf5 exf4 20.cxd4 Re8 21.Rh4 Ne7 22.d5
Nhxf5 23.Bxf6 Ne3 24.Bxh7+ Kf7 25.Rhxf4 gxf6 26.Rxf6+ Kg7 27.Rf7+ Kh6 28.R1f6+
Kg5 29.Nf3+ Kg4 30.Rg7+ Kh5 31.Rg5# 1-0

[Event "It (open)"]
[Site "masterchessopen.com Andorra"]
[Date "2005.07.13"]
[Round "5"]
[White "Kallio Heikki (FIN)"]
[Black "Lacasa Diaz Jose Antonio (ESP)"]
[Result "1-0"]
[WhiteElo "2501"]
[BlackElo "2420"]

1.d4 Nf6 2.c4 e6 3.Nc3 Bb4 4.e3 b6 5.Bd3 Bb7 6.Nf3 Ne4 7.Bd2 Bxc3 8.Bxc3 Nxc3
9.bxc3 O-O 10.c5 d6 11.cxb6 cxb6 12.O-O Nc6 13.Nd2 Rc8 14.Qh5 h6 15.Rac1 e5
16.Qf5 g6 17.Qh3 Kg7 18.f4 f5 19.Qg3 exd4 20.exd4 Qf6 21.Rfe1 Rfe8 22.Qf2
Rxe1+ 23.Rxe1 Rc7 24.d5 Na5 25.Re6 Qf8 26.Qg3 Qf7 27.Qe3 Qf8 28.Ne4 fxe4
29.Qxe4 Qf7 30.Rxg6+ Kf8 31.Qd4 {#r} 1-0

[Event "Ch Poland (team) (extraleague)"]
[Site "masterchessopen.com Lubniewice (Poland)"]
[Date "2005.09.07"]
[Round "5"]
[White "Dydyshko Viacheslav (BLR)"]
[Black "Fedorchuk Sergey A (UKR)"]
[Result "0-1"]
[WhiteElo "2551"]
[BlackElo "2564"]

{ Dydyshko Viacheslav (BLR) +2 =1 -1 Fedorchuk Sergey A (UKR) +0 =1 -0 } 1.d4
Nf6 2.c4 e6 3.Nc3 Bb4 4.e3 b6 5.Bd3 Bb7 6.Nf3 c5 7.O-O { = } 7...cxd4 (
7...O-O 8.Na4 cxd4 9.exd4 Re8 10.a3 Bf8 11.Bg5 h6 12.Bh4 d6 13.Re1 Nbd7 14.Rc1
Rc8 15.b4 Rc7 16.Nc3 Qa8 17.d5 exd5 18.Rxe8 Qxe8 19.Nb5 Rc8 20.Nxa7 Rb8
21.cxd5 Bxd5 22.Nb5 Bb7 23.Bf1 Qe6 24.Nfd4 Qe4 25.Bg3 Ne5 26.f3 Qe3+ 27.Bf2
Qg5 28.Kh1 Nd5 29.Qe1 Re8 30.Bh4 Qh5 31.Bg3 f5 32.Nc7 f4 33.Nxe8 fxg3 34.Qxg3
Qxe8 35.Bb5 Qh5 36.f4 Ng4 37.Be2 Nde3 38.Nc6 Qd5 39.Bf3 Qd2 40.Qe1 Qb2 41.Qc3
Qf2 42.h3 Nf6 43.Qb3+ d5 44.Nd8 Ba8 45.Qa4 Nh5 46.Qxa8 Ng3+ 47.Kh2 {
...1/2-1/2, Del Rio Angelis Salvador G 2495 - Fedorchuk Sergey A 2577 , Salou
25. 5.2005 It (open) } ) ( 7...O-O 8.Bd2 d6 9.a3 Bxc3 10.Bxc3 Ne4 11.Bxe4 Bxe4
12.Qe2 Nd7 13.Rfd1 Qe7 14.b4 Rac8 15.Rac1 Rfd8 16.Nd2 Bb7 17.Qg4 Nf6 18.Qg3
cxd4 19.Bxd4 e5 20.Bb2 Qe6 21.h3 h6 22.Kh2 Rd7 23.f4 Re8 24.Rf1 Ne4 25.Nxe4
Bxe4 26.Rf2 f6 27.c5 bxc5 28.bxc5 Kh7 29.cxd6 exf4 30.Rxf4 Qxd6 31.Bd4 Qxa3
32.Ra1 Qe7 33.Ra6 Bd3 34.Ra5 Rc8 35.Rf2 Be4 36.Qf4 Rcc7 37.Ra6 Rc6 38.Rxa7
Rxa7 39.Bxa7 { 1/2-1/2, Kamsky Gata 2735 - Ivanchuk Vassily 2740 , Monte Carlo
1995 It "Melody Amber" (blindfold) } ) 8.exd4 O-O 9.Bg5 ( 9.Na4 Be7 10.Re1 Re8
11.a3 d6 12.b4 Nbd7 13.Bb2 Bf8 14.Bf1 g6 15.Nc3 Bg7 16.Rb1 a6 17.Nd2 d5 18.c5
bxc5 19.bxc5 Qc7 20.Na2 Bc6 21.Nb4 Bb5 22.Bxb5 axb5 23.Qe2 Bh6 24.Rbd1 Reb8
25.Nb1 Nh5 26.Nc3 Ra5 27.Ncxd5 exd5 28.Nxd5 Qd8 29.Ne7+ Kf8 30.Nc6 Nf4 31.Qg4
Qc7 32.Nxa5 { 1-0, Sadler Matthew 2626 - Korchnoi Viktor 2676 , Arnhem 1999 It
(cat.14) } ) 9...Bxc3 ( 9...h6 10.Bxf6 Qxf6 11.Be4 Nc6 12.Rc1 Rfd8 13.Re1 Rab8
14.a3 Bf8 15.d5 Ne7 16.Ne5 Nf5 17.Ng4 Qg5 18.Bd3 h5 19.Ne5 a6 20.Nf3 Qf6
21.Ne4 Qh6 22.Neg5 g6 23.Rc2 Be7 24.Bxf5 gxf5 25.Nh3 b5 26.Ne5 bxc4 27.d6 Bf6
28.f4 Be4 29.Rc3 Rxb2 30.Rg3+ Kf8 31.Qd4 Rb5 32.a4 Rd5 33.Qb6 h4 34.Rc3 Qg7
35.g3 Kg8 36.Nf2 Rc8 37.Qb7 Rcc5 38.Qb8+ Kh7 39.Nxe4 fxe4 40.Rxe4 Rd1+ 41.Kg2
Rcd5 42.Rce3 R5d2+ 43.Re2 Bxe5 44.Rxe5 Qg4 45.Kf2 hxg3+ 46.hxg3 Rd3 { 0-1,
Kaidanov Gregory S 2611 - Kudrin Sergey 2528 , Las Vegas 1992 It (open) } )
10.bxc3 h6 ( 10...d6 11.Nd2 Nbd7 12.a4 Qc7 13.Re1 Qc6 14.f3 Rac8 15.Qb3 h6
16.Bh4 d5 17.Rac1 Rfe8 18.cxd5 Qxd5 19.Qxd5 exd5 20.Rxe8+ Rxe8 21.Bb5 a6
22.Bf1 Nh5 23.c4 dxc4 24.Rxc4 Nf8 25.Rc7 Rb8 26.Bc4 Ne6 27.Rd7 b5 28.axb5 axb5
29.Bb3 Nhf4 30.Kf2 Bc6 31.Rd6 Be8 32.Bg3 g5 33.Ne4 Ra8 34.h4 Ra3 35.Bxe6 Nxe6
36.hxg5 hxg5 37.Be5 Ra2+ 38.Kg1 Kf8 39.Nf6 Ra8 40.Rb6 Ke7 41.Rb7+ Kf8 42.d5 {
1-0, Portisch Lajos 2620 - Andersson Ulf 2600 , Moscow 1981 It (cat.15) } )
11.Bh4 d6 12.a4 ( 12.Nd2 Nbd7 13.a4 d5 14.cxd5 exd5 15.Qf3 Re8 16.Rfe1 Rxe1+
17.Rxe1 Qf8 18.Nf1 Re8 19.Ra1 Ne4 20.Ne3 Ndf6 21.Nf5 Re6 22.h3 g6 23.Ne3 Kg7
24.a5 Qc8 25.a6 Bc6 26.Ra3 Qf8 27.Nc2 Qe8 28.Kh2 Bb5 29.Nb4 Bxd3 30.Qxd3 Qd8
31.Kg1 g5 32.Bg3 Nxg3 33.Qxg3 Re1+ 34.Kh2 Qe7 35.Ra2 Rc1 36.Qe5 Qd7 37.Rc2 Ra1
38.Re2 Kg6 39.Re3 g4 40.Nd3 Ne4 41.Nf4+ Kh7 42.Nxd5 g3+ 43.fxg3 { 1-0,
Rustemov Alexander 2534 - Poluljahov Aleksandr 2543 , Bydgoszcz 2000 It (open)
} ) ( 12.Re1 Nbd7 13.Nd2 Rc8 14.Rc1 Re8 15.Nf1 Nf8 16.Qa4 Qd7 17.Qd1 N8h7
18.Ne3 Be4 19.Bf1 Bc6 20.f3 Bb7 21.Qd2 Qd8 22.Bd3 Qc7 23.Rf1 Ba6 24.f4 d5
25.f5 dxc4 26.Bb1 e5 27.dxe5 Qxe5 28.Rfe1 Qc5 29.Bf2 Qc6 30.Red1 Bb7 31.Qd6
Qxd6 32.Rxd6 Ng5 33.Rd4 b5 34.a4 a6 35.axb5 axb5 36.Ng4 Nfe4 37.h4 Nh7 38.Bxe4
Bxe4 39.Ne3 Nf6 40.g4 Rcd8 41.Rcd1 Bd3 42.Rxd8 Rxd8 43.Ra1 Ne4 44.Be1 Be2
45.g5 hxg5 46.hxg5 Nxg5 47.Ra5 Re8 48.Bf2 Nh3+ 49.Kg2 Nf4+ 50.Kg3 Nh5+ 51.Kg2
Re5 { ...0-1, Ionov Sergey 2542 - Kuzmin Gennadi P 2528 , Cappelle la Grande
2000 It (open) } ) 12...Nbd7 { +0.26 CAP } 13.a5 Qc7 14.Nd2 Rac8 15.Ra3 { N }
( 15.Bg3 Qc6 16.Qf3 Qxf3 17.Nxf3 d5 18.cxd5 Rxc3 19.dxe6 Rxd3 20.exd7 Bxf3
21.gxf3 Rxd4 22.axb6 axb6 23.Bc7 Rxd7 24.Bxb6 Nd5 25.Be3 Nxe3 { 1/2-1/2,
Ubilava Elizbar 2530 - Nedobora Mikhail 2440 , Benasque 1993 It (open) } )
15...Qc6 16.f3 Rfe8 17.Qb3 Qc7 18.Rb1 Nh5 19.axb6 axb6 20.Ra7 Ra8 21.Rba1 Rxa7
22.Rxa7 Ra8 23.Rxa8+ Bxa8 24.Qa3 Bc6 25.Bf1 { ?! } ( 25.Be7 Nc5 26.dxc5 dxc5
27.Bxc5 { } ) 25...g5 26.Bf2 Nf4 27.Ne4 Bxe4 28.fxe4 e5 29.Qb4 Kg7 30.g3 Ne6 {
} {#R} 0-1

[Event "It (open)"]
[Site "masterchessopen.com Figueira da Foz (Portugal)"]
[Date "2005.11.02"]
[Round "6"]
[White "Iotov Valentin (BUL)"]
[Black "Pogorelov Ruslan (UKR)"]
[Result "0-1"]
[WhiteElo "2450"]
[BlackElo "2439"]

1.d4 Nf6 2.c4 e6 3.Nc3 Bb4 4.e3 b6 5.Bd3 Bb7 6.Nf3 Ne4 7.O-O Bxc3 8.bxc3 O-O
9.Ne1 f5 10.f3 Ng5 11.a4 d6 12.a5 e5 13.c5 e4 14.Qb3+ Kh8 15.fxe4 fxe4
16.Rxf8+ Qxf8 17.Bf1 dxc5 18.Ba3 Qf5 19.Ra2 Nd7 20.Rf2 Qg6 21.Kh1 Nf6 22.dxc5
Ng4 23.Rf4 Nf3 24.Nxf3 Nf2+ 25.Kg1 Nh3+ 26.Kh1 exf3 {#R} 0-1

[Event "Ch Australia (major)"]
[Site "masterchessopen.com Brisbane (Australia)"]
[Round "10"]
[White "Lilly Richard (AUS)"]
[Black "Oliver Shannon (AUS)"]
[Result "0-1"]
[WhiteElo "1958"]
[BlackElo "1918"]

1.d4 Nf6 2.c4 e6 3.Nc3 Bb4 4.e3 b6 5.Bd3 Bb7 6.Ne2 Ne4 7.O-O f5 8.Qc2 Qh4 9.f3
Nxc3 10.Nxc3 O-O 11.g3 Qh5 12.e4 Be7 13.d5 Na6 14.exf5 Nb4 15.Qe2 Nxd3 16.Qxd3
Qxf5 17.Qxf5 Rxf5 18.Bf4 exd5 19.Nxd5 Bxd5 20.cxd5 Rxd5 21.Bxc7 Rc8 22.Bf4 Rc2
23.b3 Bc5+ 24.Kh1 g5 25.Bc1 Re5 26.b4 Ree2 {#R} 0-1

[Event "It (open)"]
[Site "masterchessopen.com Queenstown (New Zealand)"]
[Date "2006.01.15"]
[Round "1"]
[White "Kay Bruce (NZL)"]
[Black "Ly Moulthun (AUS)"]
[Result "0-1"]
[WhiteElo "1823"]
[BlackElo "2274"]

1.d4 Nf6 2.c4 e6 3.Nc3 Bb4 4.e3 b6 5.Bd3 Bb7 6.Nf3 Ne4 7.Qc2 Bxc3+ 8.bxc3 f5
9.O-O O-O 10.Nd2 Ng5 11.f4 Nf7 12.e4 fxe4 13.Nxe4 Nc6 14.f5 exf5 15.Rxf5 Qh4
16.Bd2 Rae8 17.Ng3 Nxd4 18.Qd1 Nxf5 19.Nxf5 Qf6 20.Ne3 Ne5 21.Bf1 Qf2+ 22.Kh1
Nf3 23.Be2 Nxd2 24.Qxd2 Rxe3 {#R} 0-1

[Event "Ch Bulgaria (qual.)"]
[Site "masterchessopen.com Pleven (Bulgaria)"]
[Round "5"]
[White "Iotov Valentin (BUL)"]
[Black "Rusev Krasimir (BUL)"]
[Result "1-0"]
[WhiteElo "2503"]
[BlackElo "2453"]

1.d4 Nf6 2.c4 e6 3.Nc3 Bb4 4.e3 b6 5.Bd3 Bb7 6.Nf3 O-O 7.O-O c5 8.Na4 Qe7 9.a3
Ba5 10.b3 d5 11.Bb2 Nbd7 12.Qe2 Ne4 13.Rac1 f5 14.cxd5 exd5 15.dxc5 bxc5
16.Ba6 Bxa6 17.Qxa6 Bb6 18.Qb7 Qf7 19.Rfd1 d4 20.exd4 Rab8 21.Qc6 Rbc8 22.Qb5
c4 23.bxc4 Nd6 24.Qb3 Nxc4 25.Ng5 Qd5 26.Nc5 h6 27.Nf3 Rfd8 28.Qxc4 Qxc4
29.Rxc4 Nxc5 30.Rdc1 {#r} 1-0

[Event "It (open)"]
[Site "masterchessopen.com Agneaux (France)"]
[Date "2006.02.25"]
[Round "6"]
[White "Navrotescu Catalin (ROM)"]
[Black "Bratanov Zsivko (BUL)"]
[Result "1-0"]
[WhiteElo "2394"]
[BlackElo "2449"]

1.d4 Nf6 2.c4 e6 3.Nc3 Bb4 4.e3 b6 5.Bd3 Bb7 6.Nf3 O-O 7.O-O c5 8.Na4 cxd4
9.exd4 Bxf3 10.Qxf3 Nc6 11.Be3 d5 12.Rfc1 e5 13.cxd5 Nxd4 14.Bxd4 exd4 15.Rc4
Bd6 16.Rxd4 Be5 17.Rh4 g6 18.Rd1 Nxd5 19.g3 Nf6 20.Be4 Qb8 21.Bxa8 Qxa8
22.Qxa8 Rxa8 23.Rc4 b5 24.Rc5 Bxg3 25.hxg3 bxa4 26.Rdc1 {#r} 1-0

[Event "It (open)"]
[Site "masterchessopen.com Villenueve Tolosane (France)"]
[Date "2006.03.01"]
[Round "5"]
[White "Miraoui Karim (FRA)"]
[Black "Cioara Andrei Nestor (ROM)"]
[Result "0-1"]
[WhiteElo "2095"]
[BlackElo "2419"]

1.d4 e6 2.c4 Nf6 3.Nc3 Bb4 4.e3 b6 5.Bd3 Bb7 6.f3 c5 7.Ne2 O-O 8.O-O cxd4
9.exd4 d5 10.cxd5 Nxd5 11.Nxd5 Bxd5 12.Nf4 Bb7 13.Be3 Nc6 14.Be4 Qe7 15.Qe2
Bd6 16.Rad1 Nb4 17.a3 Ba6 18.Qf2 Bxf1 19.Bxa8 Rxa8 20.Kxf1 Bxf4 21.Bxf4 Nd5
22.Bd2 Rc8 23.Rc1 Rxc1+ 24.Bxc1 Qc7 25.Bg5 h6 26.Bd2 Qxh2 27.Qe2 Qh1+ 28.Kf2
Qh4+ {#R} 0-1